Star Wars Planets by Screen Time - Statistics

General Stats
  • This quiz has been taken 341 times
  • The average score is 16 of 25
Answer Stats
Time Most Prominent Movie Planet % Correct
144:11 The Phantom Menace Tatooine
99%
61:41 The Phantom Menace Naboo
98%
130:32 Revenge of the Sith Coruscant
96%
44:52 Return of the Jedi Forest Moon of Endor
94%
30:28 The Empire Strikes Back Hoth
93%
19:08 The Revenge of the Sith Mustafar
93%
43:28 Attack of the Clones Geonosis
87%
33:41 The Empire Strikes Back Dagobah
83%
27:44 The Force Awakens Jakku
83%
34:39 The Empire Strikes Back Bespin
81%
11:12 Attack of the Clones Kamino
80%
9:54 A New Hope Yavin 4
79%
13:08 Revenge of the Sith Utapau
70%
30:17 The Rise of Skywalker Exegol
69%
23:23 The Last Jedi Crait
65%
3:45 Revenge of the Sith Kashyyyk
60%
25:26 The Force Awakens Takodana
51%
44:14 The Last Jedi Ahch-To
49%
35:22 The Force Awakens Ilum
48%
13:12 The Force Awakens D’Qar
38%
11:42 The Last Jedi Cantonica
31%
20:40 The Rise of Skywalker Kijimi
26%
18:51 The Rise of Skywalker Pasaana
23%
19:38 The Rise of Skywalker Ajan Kloss
21%
17:41 The Rise of Skywalker Kef Bir
18%
No matching quizzes found
Score Distribution
Percent of People with Each Score
Percentile by Number Answered
Your Score History
You have not taken this quiz